[Event "The Big Bang"]
[Site "SchemingMind.com"]
[Date "2008.01.17"]
[Round "-"]
[White "tyler199"]
[Black "dadshane2000"]
[Result "1/2-1/2"]
[WhiteCountry "CAN"]
[BlackCountry "USA"]
[WhiteElo "1763"]
[WhiteRD "60"]
[BlackElo "1908"]
[BlackRD "81"]
[GameID "137623"]

1. d4 Nf6 2. Nf3 e6 3. e3 c5 4. Bd3 d5 5. c3 Nc6 6. Nbd2 Bd6 7. O-O O-O 8. dxc5 Bxc5 9. e4 h6 10. Re1 Bb6
11. Qe2 Qc7 12. exd5 exd5 13. Nf1 Bd7 14. Be3 Rfe8 15. Qd2 Bxe3 16. Rxe3 Ng4 17. Rxe8+ Rxe8 18. Re1 Rxe1 19. Qxe1 Nce5 20. Qe2 Nxf3+
21. Qxf3 Be6 22. h3 Nf6 23. Qe3 b6 24. Qd4 Bd7= 25. Ne3 Qc6 26. Be2 Qe6 27. Bf3 Bc6 28. Bd1 Qe4 29. Qd2= Qf4 30. Bf3 Ne4
31. Bxe4 Qxe4 32. Qc2 f6 33. Qb3 Qb1+ 34. Kh2 Qe4 35. Qc2 Qf4+ 36. Kg1 Qg5 37. Qf5 Qxf5 38. Nxf5 Bb7 39. g3 a6 40. Kf1 Kf8
41. h4 Bc8 42. Nd4 Bd7 43. Ke2 Ke7 44. Ke3 Kd6 45. h5 Ke5 46. f4+ Kd6 47. b4 Bg4 48. a3 b5 49. Kd3 f5 50. Ke3 Ke7
51. Nc6+ Kf6 52. Nb8 Bxh5 53. Nxa6 Be8 54. Kd4 g5 55. fxg5+ Kxg5 56. Nc7 Bd7 57. Nxd5 Bc6 58. Kc5 Bxd5 59. Kxd5 Kg4 60. c4 bxc4
61. Kxc4 f4 62. gxf4 h5 63. b5 h4 64. b6 h3 65. b7 h2 66. b8=Q h1=Q 67. Qg8+ Kxf4= 68. Qf7+ Ke3 69. Qe7+=
1/2-1/2

[Event "The Big Bang"]
[Site "SchemingMind.com"]
[Date "2008.01.21"]
[Round "-"]
[White "calidore"]
[Black "dadshane2000"]
[Result "1/2-1/2"]
[WhiteCountry "ISR"]
[BlackCountry "USA"]
[WhiteElo "1910"]
[WhiteRD "64"]
[BlackElo "1866"]
[BlackRD "72"]
[GameID "137640"]

1. e4 e5 2. Nf3 Nc6 3. Bc4 Nf6 4. d4 exd4 5. O-O d6 6. Ng5 Ne5 7. Be2 h6 8. Nf3 c5 9. c3 d3 10. Bxd3 Bg4
11. Be2 Bxf3 12. Bxf3 Be7 13. Qa4+ Qd7 14. Qxd7+=
1/2-1/2

[Event "The Big Bang"]
[Site "SchemingMind.com"]
[Date "2008.01.21"]
[Round "-"]
[White "calidore"]
[Black "kifosi"]
[Result "1/2-1/2"]
[WhiteCountry "ISR"]
[BlackCountry "DEN"]
[WhiteElo "1910"]
[WhiteRD "64"]
[BlackElo "1858"]
[BlackRD "66"]
[GameID "137641"]

1. e4 c5 2. c3 Nf6 3. e5 Nd5 4. d4 cxd4 5. cxd4 Nc6 6. Nf3 d6 7. Nc3 dxe5 8. Nxe5 Nxc3 9. Nxc6 Nxd1 10. Nxd8 Kxd8
11. Kxd1=
1/2-1/2

[Event "The Big Bang"]
[Site "SchemingMind.com"]
[Date "2008.01.21"]
[Round "-"]
[White "calidore"]
[Black "cdevos"]
[Result "1-0"]
[WhiteCountry "ISR"]
[BlackCountry "NED"]
[WhiteElo "1983"]
[WhiteRD "62"]
[BlackElo "1321"]
[BlackRD "70"]
[GameID "137643"]

1. e4 d5 2. exd5 Qxd5 3. Nc3 Qe5+ 4. Be2 Bg4 5. d4 Qe6 6. Be3 Nf6 7. Nf3 h5 8. h3 Bf5 9. Ng5 Qd7 10. Bc4 e6
11. Qf3 c6 12. O-O-O g6 13. Rhe1 Bg7 14. d5 cxd5 15. Nxd5 Nxd5 16. Bxd5 Qc7 17. Bb3 Nc6 18. g4 Ne5 19. Qf4 Bd3 20. Kb1 Bc4
21. Bd4 Bxb3 22. cxb3 O-O-O 23. Rc1 Nc4 24. Qxc7+
1-0

[Event "The Big Bang"]
[Site "SchemingMind.com"]
[Date "2008.01.21"]
[Round "-"]
[White "calidore"]
[Black "jesusch"]
[Result "1-0"]
[WhiteCountry "ISR"]
[BlackCountry "ESP"]
[WhiteElo "2039"]
[WhiteRD "62"]
[BlackElo "1757"]
[BlackRD "90"]
[GameID "137644"]

1. e4 c5 2. c3 Nc6 3. d4 cxd4 4. cxd4 d5 5. e5 Bf5 6. Nf3 Qb6 7. Nc3 e6 8. Be2 Be4 9. Nxe4 dxe4 10. Ng5 Rd8
11. Nxe4 Rxd4 12. Qc2 Bb4+ 13. Nc3 Rd8 14. Be3 Qc7 15. f4 Nge7 16. O-O Nf5 17. Bf2 Nfd4 18. Qe4 Nxe2+ 19. Nxe2 O-O 20. a3 Ba5
21. Rac1 a6 22. Kh1 Rd2 23. Bc5 Rfd8 24. Bd6 Qd7 25. b4 Bc7 26. Rfd1 Rxd1+ 27. Rxd1 Bxd6 28. Rxd6 Qc7 29. Qd3 Rxd6 30. exd6 Qb6
31. h3 Kf8 32. Nc3 g6 33. Ne4 f5 34. Ng5 Kg7 35. Nxe6+ Kf6 36. Ng5 h6 37. Nf3 Nd8 38. Ne5 g5 39. Nd7+
1-0

[Event "The Big Bang"]
[Site "SchemingMind.com"]
[Date "2008.01.21"]
[Round "-"]
[White "calidore"]
[Black "thc"]
[Result "1-0"]
[WhiteCountry "ISR"]
[BlackCountry "TUR"]
[WhiteElo "1983"]
[WhiteRD "62"]
[BlackElo "1434"]
[BlackRD "127"]
[GameID "137645"]

1. e4 e5 2. Nf3 Nc6 3. Bc4 h6 4. d4 f6 5. dxe5 fxe5 6. Nxe5 Nf6 7. Ng6 Rg8 8. Bxg8 Bc5 9. Bd5 d6 10. O-O Bg4
11. Qd3 Qd7 12. Nc3 O-O-O 13. Bxc6 bxc6 14. b4 Bb6 15. a4 Qe6 16. a5 Bxf2+ 17. Rxf2 d5 18. Be3 dxe4 19. Qa6+
1-0

[Event "The Big Bang"]
[Site "SchemingMind.com"]
[Date "2008.01.20"]
[Round "-"]
[White "calidore"]
[Black "tyler199"]
[Result "1-0"]
[WhiteCountry "ISR"]
[BlackCountry "CAN"]
[WhiteElo "1910"]
[WhiteRD "64"]
[BlackElo "1702"]
[BlackRD "109"]
[GameID "137646"]

1. e4 e6 2. d4 d5 3. e5 c5 4. c3 Nc6 5. Nf3 Qb6 6. Bd3 Bd7 7. O-O cxd4 8. cxd4 Nxd4 9. Nxd4 Qxd4 10. Nc3 Qxe5
11. Re1 Qc7 12. Nxd5 Qc5 13. Nc3 Nf6 14. Be3 Qc7 15. Nb5 Bxb5 16. Bxb5+ Nd7 17. Qa4 a6 18. Red1 Rd8 19. Bxd7+ Rxd7 20. Rac1 Qd8
21. Bb6
1-0

[Event "The Big Bang"]
[Site "SchemingMind.com"]
[Date "2008.01.16"]
[Round "-"]
[White "dadshane2000"]
[Black "calidore"]
[Result "1/2-1/2"]
[WhiteCountry "USA"]
[BlackCountry "ISR"]
[WhiteElo "1847"]
[WhiteRD "73"]
[BlackElo "1920"]
[BlackRD "64"]
[GameID "137647"]

1. e4 Nf6 2. e5 Nd5 3. Nf3 d6 4. d4 Bg4 5. Be2 c6 6. c4 Nb6 7. Nbd2 N8d7 8. O-O dxe5 9. Nxe5 Nxe5 10. dxe5 Bxe2
11. Qxe2 e6 12. Nf3 Be7 13. Rd1 Qc7 14. b3 O-O 15. Bb2 Rfd8 16. Rxd8+ Rxd8=
1/2-1/2

[Event "The Big Bang"]
[Site "SchemingMind.com"]
[Date "2008.01.19"]
[Round "-"]
[White "kifosi"]
[Black "calidore"]
[Result "1/2-1/2"]
[WhiteCountry "DEN"]
[BlackCountry "ISR"]
[WhiteElo "1846"]
[WhiteRD "66"]
[BlackElo "1920"]
[BlackRD "64"]
[GameID "137648"]

1. d4 Nf6 2. c4 e6 3. Nf3 d5 4. Bg5 Be7 5. e3 O-O 6. Nbd2 h6 7. Bh4 Ne4 8. Bxe7 Qxe7 9. Qb3 Nxd2 10. Nxd2 dxc4
11. Bxc4 Nc6 12. Rc1 Na5 13. Qc3 Nxc4 14. Nxc4 Bd7 15. O-O Bc6 16. Ne5 Bb5 17. Rfd1 Rac8 18. b3 Rfd8 19. a4=
1/2-1/2

[Event "The Big Bang"]
[Site "SchemingMind.com"]
[Date "2008.01.18"]
[Round "-"]
[White "randy"]
[Black "calidore"]
[Result "0-1"]
[WhiteCountry "IND"]
[BlackCountry "ISR"]
[WhiteElo "1210"]
[WhiteRD "101"]
[BlackElo "1896"]
[BlackRD "61"]
[GameID "137649"]

1. e4 Nf6 2. e5 Nd5 3. d4 d6 4. Bc4 e6 5. Nf3 Nc6 6. exd6 Bxd6 7. Nbd2 Bd7 8. h3 O-O 9. Nf1 Nf6 10. Ng3 Na5
11. Bd3 Bc6 12. Bd2 b6 13. Bxa5 bxa5 14. Qd2 Rb8 15. b3 h6 16. O-O-O Nd5 17. Ne4 Bf4
0-1

[Event "The Big Bang"]
[Site "SchemingMind.com"]
[Date "2008.01.21"]
[Round "-"]
[White "cdevos"]
[Black "calidore"]
[Result "0-1"]
[WhiteCountry "NED"]
[BlackCountry "ISR"]
[WhiteElo "1543"]
[WhiteRD "81"]
[BlackElo "1910"]
[BlackRD "64"]
[GameID "137650"]

1. e4 Nf6 2. e5 Nd5 3. c4 Nb6 4. Nc3 d6 5. Nf3 Nc6 6. d4 dxe5 7. d5 Nb4 8. Nxe5 e6 9. Qf3 Qf6 10. Qe4 Bd6
11. Ng4 Qg6 12. Qd4 Nc2+
0-1

[Event "The Big Bang"]
[Site "SchemingMind.com"]
[Date "2008.01.19"]
[Round "-"]
[White "jesusch"]
[Black "calidore"]
[Result "0-1"]
[WhiteCountry "ESP"]
[BlackCountry "ISR"]
[WhiteElo "1782"]
[WhiteRD "89"]
[BlackElo "1920"]
[BlackRD "64"]
[GameID "137651"]

1. e4 Nf6 2. e5 Nd5 3. d4 d6 4. c4 Nb6 5. Nf3 Bg4 6. exd6 cxd6 7. h3 Bh5 8. Bd3 Nc6 9. g4 Bg6 10. Bxg6 hxg6
11. d5 Nb8 12. Be3 N8d7 13. Qe2 Rc8 14. b3 Nf6 15. O-O Rxh3 16. Kg2 Rh8 17. g5 Qd7 18. Ng1 Qg4+ 19. Qxg4 Nxg4 20. Bxb6 axb6
21. Kg3 Ne5 22. Nf3 Nxf3 23. Kxf3 Rh5 24. Kg4 f6 25. f4 b5 26. Nd2 bxc4 27. bxc4 Ra8 28. Ne4 f5+ 29. Kf3 Ra3+ 30. Kg2 fxe4
31. Rh1 Rxh1 32. Kxh1 Kd7 33. Re1 e3 34. Re2 e6 35. dxe6+ Kxe6 36. Kg2 d5 37. cxd5+ Kxd5
0-1

[Event "The Big Bang"]
[Site "SchemingMind.com"]
[Date "2008.01.18"]
[Round "-"]
[White "thc"]
[Black "calidore"]
[Result "0-1"]
[WhiteCountry "TUR"]
[BlackCountry "ISR"]
[WhiteElo "1434"]
[WhiteRD "127"]
[BlackElo "1983"]
[BlackRD "62"]
[GameID "137652"]

1. d4 Nf6 2. Nf3 e6 3. c4 b6 4. e3 Bb7 5. Be2 d5 6. Nc3 c5 7. O-O Nbd7 8. Re1 Be7 9. Qc2 O-O 10. e4 dxe4
11. Nxe4 Bxe4 12. Qd1 Qc7 13. Bd3 Bxd3 14. Qxd3 Rac8 15. Bg5 Rfd8 16. Rad1 h6 17. Bh4 cxd4 18. Qxd4 Qxc4 19. Qe3 Qxa2 20. Ra1 Qxb2
21. Rxa7 Nd5 22. Bxe7 Nxe3
0-1

[Event "The Big Bang"]
[Site "SchemingMind.com"]
[Date "2008.01.18"]
[Round "-"]
[White "tyler199"]
[Black "calidore"]
[Result "0-1"]
[WhiteCountry "CAN"]
[BlackCountry "ISR"]
[WhiteElo "1702"]
[WhiteRD "109"]
[BlackElo "1910"]
[BlackRD "64"]
[GameID "137653"]

1. d4 Nf6 2. c4 e6 3. Nf3 b6 4. g3 Bb7 5. Bg2 c5 6. O-O cxd4 7. Qxd4 Bc5 8. Qf4 O-O 9. Nc3 Qe7 10. Rd1 Nc6
11. Ne4 Nxe4 12. Qxe4 Na5 13. Qd3 d5 14. cxd5 Bxd5 15. Bd2 Bc4 16. Qc2 Rac8 17. Bxa5 bxa5 18. e3 Bd5 19. Qd2 Bb4 20. Qd3 Rfd8
21. Qe2 Bc4 22. Rxd8+ Qxd8 23. Qd1 Qxd1+ 24. Rxd1 Bxa2 25. Rd7 h6
0-1